| 000 | 00969cam a2200301Ia 4500 | ||
|---|---|---|---|
| 001 | 496235531 | ||
| 003 | OCoLC | ||
| 005 | 20150408114020.0 | ||
| 008 | 091203s2010 enkab b 001 0 eng d | ||
| 015 |
_aGBB003607 _2bnb |
||
| 020 | _a9780727734846 (pbk) | ||
| 020 | _a0727734849 (pbk) | ||
| 035 | _a(OCoLC)496235531 | ||
| 040 |
_aEQO _cEQO _dBWK _dUKM _dYDXCP _dCDX _dTXH |
||
| 043 | _ae-uk--- | ||
| 050 | 4 |
_aGB561 _b.S42 2010 |
|
| 082 | 0 | _a551.41 | |
| 100 | 1 |
_aSear, David _q(David A.) _912133 |
|
| 245 | 1 | 0 |
_aGuidebook of applied fluvial geomorphology / _cDavid A. Sear, Malcolm D. Newson and Colin R. Thorne. |
| 260 |
_aLondon : _bThomas Telford, _cc2010. |
||
| 300 |
_avii, 257 p. : _bill., maps ; _c30 cm. |
||
| 504 | _aIncludes bibliographical references and index. | ||
| 650 | 0 | _aGeomorphology. | |
| 650 | 0 |
_aFluvial geomorphology. _911995 |
|
| 700 | 1 |
_aNewson, Malcolm David. _912134 |
|
| 700 | 1 |
_aThorne, C. R. _q(Colin R.) _912135 |
|
| 942 |
_2ddc _cBOOK |
||
| 999 |
_c22024 _d256524 |
||